Energy conservation : first report from the Select Committee on Science and Technology, session 1974-75.

Uloženo v:
Podrobná bibliografie
Korporativní autor: Great Britain. Parliament. House of Commons. Select Committee on Science and Technology
Médium: Kniha
Jazyk:English
Vydáno: London : H.M.S.O., [1975].
Edice:[1974-75 H.C.] 487
Témata:
LEADER 01181nam a2200301 a 4500
001 c000182734
003 CARM
005 20050427142843.0
008 751223s1975 enka 000 0 eng d
015 |a B7600051 
019 1 |a 1780023  |5 LACONCORD2021 
020 |a 0100248756 (Sd) :  |c £0.95 
020 |a 0100248756 (Sd) : 
035 |a (OCoLC)16302845  |5 LACONCORD2021 
040 |a BNB  |b eng  |c BNB 
043 |a e-uk--- 
050 0 0 |a HD9502.G7 
082 0 4 |a 333.7/2/0941 
110 1 |a Great Britain.  |b Parliament.  |b House of Commons.  |b Select Committee on Science and Technology. 
245 1 0 |a Energy conservation :  |b first report from the Select Committee on Science and Technology, session 1974-75. 
260 |a London :  |b H.M.S.O.,  |c [1975]. 
300 |a 75p :  |b ill ;  |c 25cm. 
490 0 |a [1974-75 H.C.] 487 
500 |a Energy resources. Conservation. Great Britain. Proposals (BNB/PRECIS) 
650 0 |a Power resources  |z Great Britain. 
852 8 |b CARM  |h A2:AL38G0  |i C06472  |p 0255010  |f BK 
999 f f |i 4b3af19f-7287-5b46-8cf1-9f6854b23510  |s 09952ac8-bf10-5512-9a39-6259a3c71313 
952 f f |p Can circulate  |a CAVAL  |b CAVAL  |c CAVAL  |d CARM 1 Store  |e C06472  |f A2:AL38G0  |h Other scheme  |i book  |m 0255010